Bray Wyatt WWE PPV Opponents - Statistics

General Stats
  • This quiz has been taken 198 times
  • The average score is 78 of 91
Answer Stats
Event Wrestler % Correct
WrestleMania 2014 John Cena
99%
Extreme Rules 2014 John Cena
99%
Payback 2014 John Cena
99%
Money in the Bank 2014 John Cena
99%
Elimination Chamber 2017 John Cena
99%
Wrestlemania 36 John Cena
99%
Elimination Chamber 2014 Seth Rollins
99%
Survivor Series 2016 Seth Rollins
99%
Extreme Rules 2017 Seth Rollins
99%
Great Balls of Fire Seth Rollins
99%
Hell in a Cell 2019 Seth Rollins
99%
Crown Jewel 2019 Seth Rollins
99%
Elimination Chamber 2014 Roman Reigns
98%
Money in the Bank 2014 Roman Reigns
98%
Battleground 2015 Roman Reigns
98%
SummerSlam 2015 Roman Reigns
98%
Clash of Champions 2015 Roman Reigns
98%
Hell in a Cell 2015 Roman Reigns
98%
Survivor Series 2016 Roman Reigns
98%
Royal Rumble 2017 Roman Reigns
98%
Extreme Rules 2017 Roman Reigns
98%
Payback 2020 Roman Reigns
98%
Money in the Bank 2014 Randy Orton
97%
No Mercy 2016 Randy Orton
97%
WrestleMania 33 Randy Orton
97%
Payback 2017 Randy Orton
97%
TLC 2020 Randy Orton
97%
WrestleMania 37 Randy Orton
97%
Elimination Chamber 2014 Dean Ambrose
96%
Survivor Series 2014 Dean Ambrose
96%
TLC 2014 Dean Ambrose
96%
SummerSlam 2015 Dean Ambrose
96%
Clash of Champions 2015 Dean Ambrose
96%
Elimination Chamber 2017 Dean Ambrose
96%
SummerSlam 2013 Kane
95%
Money in the Bank 2014 Kane
95%
Royal Rumble 2015 Kane
95%
Survivor Series 2015 Kane
95%
Backlash 2016 Kane
95%
Survivor Series 2016 Braun Strowman
93%
Money in the Bank 2020 Braun Strowman
93%
Extreme Rules 2020 Braun Strowman
93%
SummerSlam 2020 Braun Strowman
93%
Payback 2020 Braun Strowman
93%
TLC 2013 Daniel Bryan
93%
Royal Rumble 2014 Daniel Bryan
93%
Survivor Series 2019 Daniel Bryan
93%
Royal Rumble 2020 Daniel Bryan
93%
WrestleMania 31 The Undertaker
90%
Survivor Series 2015 The Undertaker
90%
Elimination Chamber 2017 The Miz
87%
TLC 2019 The Miz
87%
Money in the Bank 2014 Sheamus
85%
Royal Rumble 2016 Sheamus
85%
Greatest Royal Rumble Sheamus
85%
Elimination Chamber 2017 AJ Styles
84%
Extreme Rules 2017 Finn Balor
83%
SummerSlam 2017 Finn Balor
83%
No Mercy 2017 Finn Balor
83%
SummerSlam 2019 Finn Balor
83%
Battleground 2014 Chris Jericho
82%
SummerSlam 2014 Chris Jericho
82%
Clash of Champions 2015 Chris Jericho
82%
Survivor Series 2016 Chris Jericho
82%
Royal Rumble 2023 LA Knight
82%
Super ShowDown 2020 Goldberg
81%
Survivor Series 2016 Kevin Owens
81%
Royal Rumble 2015 Big Show
79%
Roadblock 2016 Brock Lesnar
79%
Battleground 2013 Kofi Kingston
79%
Battleground 2016 Kofi Kingston
79%
Battleground 2016 Big E
78%
Money in the Bank 2014 Cesaro
76%
Greatest Royal Rumble Cesaro
76%
Battleground 2016 Xavier Woods
75%
Royal Rumble 2018 Matt Hardy
73%
Elimination Chamber 2018 Matt Hardy
73%
Royal Rumble 2016 Triple H
70%
Elimination Chamber 2017 Baron Corbin
69%
Money in the Bank 2014 Alberto Del Rio
67%
Extreme Rules 2017 Samoa Joe
64%
TLC 2016 Heath Slater
59%
TLC 2015 Rhyno
59%
TLC 2016 Rhyno
59%
Payback 2015 Ryback
58%
Extreme Rules 2018 Bo Dallas
55%
TLC 2015 Bubba Ray Dudley
51%
TLC 2015 D-Von Dudley
51%
Extreme Rules 2018 Curtis Axel
50%
TLC 2015 Tommy Dreamer
45%
Royal Rumble 2011 The Great Khali
30%
No matching quizzes found
Score Distribution
Percent of People with Each Score
Percentile by Number Answered
Your Score History
You have not taken this quiz